00315nam a2200133Ia 4500008004100000020001500041041001200056082001600068100001400084245004600098260002100144300000800165650000800173221030s9999 xx 000 0 und d a0072321016 aEnglish a105.23bKei aG. Keiser 0aOptical Fiber Communicationcby G. Keiser bTMHaDelhic2006 a602 aECE